Estadísticas para Prueba de las Maldivas

Haz click aquí para tomar la prueba!

Estadísticas generales

  • Esta prueba ha sido tomada 354 veces
  • La puntuación promedio es 10 de 14

Estadísticas de respuestas

PistaRespuesta% Correcto
El país más cercanoIndia
95%
Religión del estadoIslam
91%
La masa de agua en la que se encuentra MaldivasOcéano Índico
90%
País del que Maldivas se independizó en 1965Reino Unido
90%
Tipo de desastre natural que devastó a las Maldivas en 2004Tsunami
87%
CapitalMalé
81%
La industria que representa el 60% de los ingresos de divisasTurismo
75%
La religión dominante antes de eso, desde el siglo III A.C. hasta el 1200Budismo
73%
Per cápita, Maldivas come más de este tipo de animales que cualquier otro país.Pescado
67%
Maldivas tiene la ______ media más baja de todos los paísesElevación
66%
Maldivas está compuesta por 26 de este tipo de islas, un arrecife de coral que rodea una lagunaAtolón
59%
Idioma oficialDivehi
44%
Debido a esto, las Maldivas son a menudo consideradas como el país más amenazado por este fenómenoCalentamiento global
41%
En la antigüedad, las Maldivas proporcionaron un gran número de _____,
que se utilizaron como moneda en algunas partes del mundo
Conchas
38%

Distribución de puntuación

Porcentaje por número respondido

Porcentaje de gente con cada puntuación

Historial de tus puntuaciones

No has tomado esta prueba